Kvantifikačné kritériá inovačnej výkonnosti organizácie
Intenzifikácia procesu globalizácie. Etapizácia adaptačných procesov globalizácie. Kvalita pracovnej sily ako predpoklad konkurencieschopnosti. Konkurencieschopnosť podniku. Medzinárodné hodnotenia konkurencieschopnosti národných ekonomík. Inovačná výkonnosť Bariéry inovačného rozvoja v podnikoch.
Enregistré dans:
| Auteur principal: | |
|---|---|
| Format: | Chapitre de livre |
| Langue: | slovaque |
| Sujets: | |
| Tags: |
Pas de tags, Soyez le premier à ajouter un tag!
|
MARC
| LEADER | 00000naa$a2200000$$$4500 | ||
|---|---|---|---|
| 001 | 0073242 | ||
| 005 | 20231127090128.4 | ||
| 041 | 0 | |a slo | |
| 044 | |a SK | ||
| 245 | 1 | 0 | |a Kvantifikačné kritériá inovačnej výkonnosti organizácie |c Miroslav Tuma |
| 520 | |a Intenzifikácia procesu globalizácie. Etapizácia adaptačných procesov globalizácie. Kvalita pracovnej sily ako predpoklad konkurencieschopnosti. Konkurencieschopnosť podniku. Medzinárodné hodnotenia konkurencieschopnosti národných ekonomík. Inovačná výkonnosť Bariéry inovačného rozvoja v podnikoch. | ||
| 610 | 2 | 0 | |a inovácia |
| 610 | 2 | 0 | |a globalizácia |
| 610 | 2 | 0 | |a konkurencieschopnosť |
| 610 | 2 | 0 | |a sily pracovné |
| 610 | 2 | 0 | |a prostredie podnikateľské |
| 100 | 1 | |a Tuma, Miroslav | |